Concepts of ecology / (Record no. 182333)

000 -LEADER
fixed length control field 00890 a2200229 4500
003 - CONTROL NUMBER IDENTIFIER
control field Nust
005 - DATE AND TIME OF LATEST TRANSACTION
control field 20221013114120.0
010 ## - LIBRARY OF CONGRESS CONTROL NUMBER
LC control number 75030848
020 ## - INTERNATIONAL STANDARD BOOK NUMBER
International Standard Book Number 0131664700 :
-- 013166462X
040 ## - CATALOGING SOURCE
Transcribing agency Nust
082 ## - DEWEY DECIMAL CLASSIFICATION NUMBER
Classification number 574.5,KOR
100 1# - MAIN ENTRY--PERSONAL NAME
Personal name Kormondy, Edward John,
9 (RLIN) 100103
245 10 - TITLE STATEMENT
Title Concepts of ecology /
Statement of responsibility, etc. Edward J. Kormondy.
250 ## - EDITION STATEMENT
Edition statement 2nd ed. /
260 ## - PUBLICATION, DISTRIBUTION, ETC.
Place of publication, distribution, etc. Englewood Cliffs, N.J. :
Name of publisher, distributor, etc. Prentice-Hall,
Date of publication, distribution, etc. c1976.
300 ## - PHYSICAL DESCRIPTION
Extent xiv, 238 p. :
Other physical details ill. ;
Dimensions 23 cm.
490 0# - SERIES STATEMENT
Series statement Concepts of modern biology series
490 0# - SERIES STATEMENT
Series statement Prentice-Hall biological science series
505 ## - FORMATTED CONTENTS NOTE
Formatted contents note The Nature of Ecosystems (Page-1), Energy Flow in Ecosystems (Page-10), Biogeochemical Cycles and Ecosystems (Page-41), Ecology of Populations (Page-75), The Organization and Dynamics of Ecological Communities (Page-133), Ecology and Man (Page-190).
650 #0 - SUBJECT ADDED ENTRY--TOPICAL TERM
Topical term or geographic name entry element Ecology.
9 (RLIN) 2518
942 ## - ADDED ENTRY ELEMENTS (KOHA)
Source of classification or shelving scheme
Koha item type Book
Holdings
Withdrawn status Lost status Source of classification or shelving scheme Damaged status Not for loan Permanent Location Current Location Shelving location Date acquired Full call number Barcode Date last seen Price effective from Koha item type Public note
          Military College of Signals (MCS) Military College of Signals (MCS) General Stacks 12/12/2016 574.5,KOR MCS20887 12/08/2016 12/12/2016 Book Almirah No.25, Shelf No.6
© 2023 Central Library, National University of Sciences and Technology. All Rights Reserved.